|
|
|
|
| LEADER |
00000nab a22000001a 4500 |
| 001 |
vtls010307855 |
| 003 |
SK-MaSNL |
| 005 |
20260426103430.0 |
| 008 |
110901d193506 xo |r|p|||| |000 b|slo |
| 015 |
|
|
|a SNBRRBVU1918-1938
|
| 038 |
|
|
|a SNKBUCL
|
| 040 |
|
|
|a SNKBUVU
|b slo
|c SNKBUCL
|e AACR2
|
| 041 |
0 |
|
|a slo
|
| 044 |
|
|
|a xo
|c SK
|
| 080 |
|
|
|a 730.071.1
|2 1997
|
| 080 |
|
|
|a 725.94
|2 1997
|
| 100 |
1 |
|
|a Štúr, Svätopluk,
|d 1901-1981
|4 aut
|9 105814
|
| 245 |
1 |
0 |
|a Štefánikov pomník v Bratislave
|c Svät. Štúr
|
| 500 |
|
|
|a V rubrike Spisba a umenie
|
| 600 |
1 |
7 |
|a Kafka, Bohumil,
|d 1878-1942
|2 MM
|9 147242
|
| 600 |
1 |
7 |
|a Štefánik, Milan Rastislav,
|d 1880-1919
|2 MM
|9 86219
|
| 650 |
0 |
7 |
|a české sochárstvo
|2 MM
|9 3045
|
| 650 |
0 |
7 |
|a pomníky
|2 MM
|9 3013
|
| 651 |
|
7 |
|a Bratislava (Slovensko)
|2 MM
|9 14568
|
| 655 |
|
7 |
|a komentáre
|2 snkbucl
|9 70412
|
| 773 |
0 |
|
|t Prúdy
|g Roč. 19, č. 6 (1935), s. 363-365
|
| 852 |
|
|
|a SNK
|b KIS3GCP
|
| 910 |
|
|
|a snkrbvumm
|
| 958 |
|
|
|a VY
|
| 999 |
|
|
|c 3286166
|d 3288096
|